000 00326nam a2200133Ia 4500
005 20260328104252.0
008 260328s9999||||xx |||||||||||||| ||und||
100 _aYabuka, Narelle
245 0 _aEco-Diseño :
_b Cartón /
_cNarelle Yabuka
260 _bLinks
300 _a313 p.
650 _aDISEÑO INDUSTRIAL
942 _cBK
999 _c10272
_d10272